Marvel "Infinity-Saga" Bildschirmzeit - Statistiken

Allgemein
  • Dieses Quiz wurde 500 mal gespielt
  • Das Durchschnittsergebnis liegt bei 32 aus 82
Antwortstatistiken
Bildschirmzeit in min Filmauftritte Name % Korrekt
357:45 11 Iron Man
100%
141:15 8 Hulk
96%
110:30 9 Black Widow
95%
243:30 10 Captain America
95%
162:30 5 Spider-Man
95%
205:30 8 Thor
95%
44:45 5 Thanos
92%
89 4 Doctor Strange
86%
50:30 5 Hawkeye
86%
64:45 4 Black Panther
82%
78:30 6 Loki
81%
111:45 4 Ant-Man
78%
95:45 4 Star-Lord
78%
34:30 4 Groot
77%
34:15 5 Scarlet Witch
77%
48 7 Winter Soldier
76%
79:45 4 Gamora
75%
53:45 4 Rocket
75%
23:30 3 Vision
70%
69:30 2 Captain Marvel
69%
35:15 6 Falcon
69%
76:30 11 Nick Fury
69%
41:15 4 Drax
60%
34:15 4 Nebula
59%
52 3 Wasp
59%
24 3 Odin
55%
69:45 7 Pepper Potts
54%
17 1 Ultron
51%
58:45 8 War Machine
49%
17:30 3 Mantis
46%
22:15 2 Michelle "MJ" Jones
46%
16:30 3 Shuri
46%
26 6 Happy Hogan
44%
10:15 2 Quicksilver
43%
11:15 3 Wong
42%
18:15 3 Red Skull
41%
28:45 4 Ned Leeds
40%
46:15 3 Jane Foster
37%
16:15 6 Maria Hill
36%
22:15 1 Killmonger
35%
21:30 5 Peggy Carter
35%
14:15 5 Heimdall
34%
12:30 1 Hela
34%
17:15 3 Okoye
29%
22:15 2 Yondu Udonta
25%
17 1 Ego
24%
11:45 5 Howard Stark
24%
21:30 5 Phil Coulson
23%
49 3 Hank Pym
22%
16:30 2 Valkyrie
21%
21:15 1 Mysterio
20%
20:45 2 The Ancient One
20%
20:45 1 Whiplash
17%
10:30 1 Baron Zemo
15%
22 1 Iron Monger
15%
19 1 Vulture
14%
10:30 2 Arnim Zola
11%
12:45 1 Ghost
11%
18:30 1 Abomination
10%
16:30 1 Justin Hammer
10%
10 2 Ulysses Klaue
10%
14:30 1 Yellowjacket
10%
24:15 4 Erik Selvig
9%
13:30 2 Alexander Pierce
8%
17:15 2 Darcy Lewis
8%
11:30 2 Sif
8%
12 1 Aldrich Killian
7%
10 3 Janet van Dyne
7%
17:45 1 Karl Mordo
7%
12:30 3 Cassie Lang
6%
15:30 2 Luis
6%
16:45 1 Nakia
6%
12:45 1 Christine Palmer
5%
12:45 1 Kaecilius
5%
19 4 Thaddeus Ross
5%
27 1 Betty Ross
3%
13:15 2 Everett Ross
3%
11 1 Maria Rambeau
3%
13:45 1 Talos
3%
11:45 1 Yon-Rogg
2%
10:30 2 Betty Brant
0%
11 2 Ho Yinsen
0%
Keine übereinstimmenden Quizze gefunden
Verteilung der Resultate
Anzahl Personen mit jedem Resultat
Perzentil nach korrekt beantworteten Fragen
Ihre Resultats-Entwicklung
Sie haben dieses Quiz noch nicht gespielt